| 000 | 00534nam a2200205Ia 4500 | ||
|---|---|---|---|
| 005 | 20260429111946.0 | ||
| 008 | 260429s9999||||xx |||||||||||||| ||und|| | ||
| 020 | _a9789355326720 | ||
| 041 | _aEnglish | ||
| 082 |
_a005.133 _bBAL |
||
| 100 | _aBalagurusamy, E. | ||
| 245 | 0 |
_aProgramming in ANSI C / _cE. Balagurusamy |
|
| 250 | _a9th ed. | ||
| 260 |
_aIndia : _bMcGraw Hill, _c2024. |
||
| 300 | _axv, 611 p.; pbk | ||
| 650 | _a C programming | ||
| 650 | _a Computer programming | ||
| 650 | _aComputer science | ||
| 942 | _cTB | ||
| 999 |
_c51623 _d51623 |
||